Statistics for European Union Leaders

Click here to take the quiz!

General Stats

  • This quiz has been taken 33 times
    (20 since last reset)
  • The average score is 11 of 27

Answer Stats

Answer% Correct
Giorgia Meloni
100%
Emmanuel Macron
93%
Olaf Scholz
93%
Viktor Orbán
79%
Mark Rutte
64%
Pedro Sánchez
57%
Alexander De Croo
50%
Kaja Kallas
50%
Mette Frederiksen
50%
Karl Nehammer
36%
Klaus Iohannis
36%
Leo Varadkar
36%
António Costa
29%
Mateusz Morawiecki
29%
Petteri Orpo
29%
Andrej Plenković
21%
Kyriákos Mitsotákis
21%
Ľudovít Ódor
21%
Petr Fiala
21%
Robert Abela
21%
Robert Golob
21%
Roumen Radev
21%
Xavier Bettel
21%
Ingrida Šimonytė
14%
Krišjānis Kariņš
14%
Níkos Christodoulídis
14%
Ulf Kristersson
14%

Score Distribution

Percentile by Number Answered

Percent of People with Each Score

Your Score History

You have not taken this quiz since the last reset